From two to seven plus: Book for teachers in nursery and infant school (Record no. 58834)
[ view plain ]
| 000 -LEADER | |
|---|---|
| fixed length control field | 00411nam a2200145Ia 4500 |
| 005 - DATE AND TIME OF LATEST TRANSACTION | |
| control field | 20240821152054.0 |
| 008 - FIXED-LENGTH DATA ELEMENTS--GENERAL INFORMATION | |
| fixed length control field | 240821s9999||||xx |||||||||||||| ||und|| |
| 082 ## - DEWEY DECIMAL CLASSIFICATION NUMBER | |
| Classification number | 372.2 GUL |
| 100 ## - MAIN ENTRY--PERSONAL NAME | |
| Personal name | Gull, Hilda K.F. |
| 245 #0 - TITLE STATEMENT | |
| Title | From two to seven plus: Book for teachers in nursery and infant school |
| 260 ## - PUBLICATION, DISTRIBUTION, ETC. | |
| Place of publication, distribution, etc. | London |
| Name of publisher, distributor, etc. | University of London |
| Date of publication, distribution, etc. | 1951 |
| 300 ## - PHYSICAL DESCRIPTION | |
| Extent | 288p |
| 650 ## - SUBJECT ADDED ENTRY--TOPICAL TERM | |
| Topical term or geographic name entry element | Elementary Education |
| 942 ## - ADDED ENTRY ELEMENTS (KOHA) | |
| Koha item type | Book |
| Withdrawn status | Lost status | Source of classification or shelving scheme | Damaged status | Not for loan | Home library | Current library | Date acquired | Total checkouts | Full call number | Barcode | Date last seen | Price effective from | Koha item type |
|---|---|---|---|---|---|---|---|---|---|---|---|---|---|
| Dewey Decimal Classification | Library and Documentation Division NCERT | Library and Documentation Division NCERT | 08/21/2024 | 372.2 GUL | 41393 | 08/21/2024 | 08/21/2024 | Book |





